000 00543nam a2200181 i 4500
001 58974
003 ES-MaACL
005 20230906163930.0
007 t|
008 031024s1920 xxkaf |||| | eng d
100 1 _aEddington, Arthur Stanley
_cSir.
_946616
245 1 0 _aSpace time and gravitation /
_cby A.S. Eddington.
260 _aCambridge :
_bUniversity Press,
_c1920.
300 _aVI, 218 p., 1 lám. :
_bil. ;
_c23 cm.
650 0 4 _aRelatividad (Física)
_916793
650 0 4 _aEspacio y tiempo.
_912462
852 _aES-MaACL
_jB-4437
999 _c58974
_d58974